|
|
|
|
| LEADER |
00000naa2a2200000 4500 |
| 001 |
389172 |
| 005 |
20231101063830.0 |
| 035 |
|
|
|a (RuTPU)RU\TPU\prd\21046
|
| 090 |
|
|
|a 389172
|
| 100 |
|
|
|a 20040106a2003 k y0rusy50 ca
|
| 101 |
0 |
|
|a rus
|
| 102 |
|
|
|a RU
|
| 200 |
1 |
|
|a "Нефтяные страдания" польского бизнеса
|f Т. Домбровский
|
| 225 |
1 |
|
|a Сотрудничество
|
| 461 |
|
1 |
|0 (RuTPU)RU\TPU\prd\1610
|t Нефть России
|o аналитический журнал
|d 1996, 1999-2012
|
| 463 |
|
1 |
|0 (RuTPU)RU\TPU\prd\20510
|t № 11
|v С. 75-77
|d 2003
|
| 610 |
1 |
|
|a Польша
|
| 610 |
1 |
|
|a Россия
|
| 610 |
1 |
|
|a сотрудничество
|
| 610 |
1 |
|
|a экномические форумы
|
| 610 |
1 |
|
|a инвестирование
|
| 610 |
1 |
|
|a Крыница
|
| 700 |
|
1 |
|a Домбровский
|b Т.
|
| 801 |
|
1 |
|a RU
|b 63413507
|c 20040106
|g PSBO
|
| 801 |
|
2 |
|a RU
|b 63413507
|c 20130802
|g RCR
|
| 942 |
|
|
|c BK
|